Guess the American State by Description - Statistics

General Stats
  • This quiz has been taken 24 times
  • The average score is 32 of 50
Answer Stats
Hint Answer % Correct
Arnold Schwarzenegger served as governor California
81%
If you travel due South from this states largest city, you'd end up in Canada Michigan
81%
The smallest state Rhode Island
81%
Least populated state in the US Wyoming
81%
Home to the US's highest moutain Alaska
75%
The state famous for its peaches Georgia
75%
The landing place of the Mayflower Massachusetts
75%
Home to the only American city to host the Winter olympics twice New York
75%
State with the largest Native American population Oklahoma
75%
Home of Mount Rushmore South Dakota
75%
Shares the longest border with Mexico Texas
75%
Produces the most Maple Syrup of any US state Vermont
75%
This state had the most battles fought in it during the Civil War Virginia
75%
The only state to be named after a president Washington
75%
Part of Virginia broke away to create this state West Virginia
75%
The only state to grow coffee commercially Hawaii
69%
This states name was made up and has no real meaning Idaho
69%
The only state to border just one other state Maine
69%
The state with the most lakes Minnesota
69%
The largest producer of gold in the US Nevada
69%
The most densly populated US state New Jersey
69%
The first flight by a airplane North Carolina
69%
Has an entire town dedicated to chocolate Pennsylvania
69%
Home of the first KFC franchise Utah
69%
Has the most populous state capital in the US Arizona
63%
The first ever stegosaurus fossil was found in this state Colorado
63%
The first state to ratify the US constitution Delaware
63%
Has the most golf courses of any US state Florida
63%
Home to the first Mcdonald's open by Ray Kroc Illinois
63%
Where Abraham Lincoln grew up (not born) Indiana
63%
The only state to be bordered by two navigable rivers Iowa
63%
Birthplace of Abram Lincoln and Jefferson Davis Kentucky
63%
Birthplace of Jazz music Louisiana
63%
The last state that had the 'Stars and Bars' on its state flag Mississippi
63%
Has the slogan "Live Free or Die" New Hampshire
63%
One fourth of all llamas in the US live in this state Oregon
63%
The first shots of the Civil War occured here South Carolina
63%
The only state with a public diamond mine Arkansas
56%
Home to the first nuclear powered submarine, the USS Nautilus Connecticut
56%
Is home to the United States Naval Academy Maryland
56%
Contains the city with the second most working fountains in the world Missouri
56%
Home to the worlds largest buffalo statue North Dakota
56%
Gems from this state appear in the the crown jewels of the UK Montana
50%
Called the Cornhusker state Nebraska
50%
Home to the longest aerial tramway in North America New Mexico
50%
Birthplace of the traffic light Ohio
44%
Home to the most visited National Park in the US Tennessee
44%
Birthplace of the Republican Party Wisconsin
44%
Where the Icee was invented Kansas
38%
The only state to have an alcoholic beverage as its state's beverage Alabama
31%
No matching quizzes found
Score Distribution
Percent of People with Each Score
Percentile by Number Answered
Your Score History
You have not taken this quiz